header

Globalization and corporate taxation (Record no. 171252)

MARC details
000 -LEADER
fixed length control field 01610nam a2200385Ia 4500
100 1# - MAIN ENTRY--AUTHOR NAME
Personal name Kumar, Manmohan S.
245 10 - TITLE STATEMENT
Title Globalization and corporate taxation
260 ## - PUBLICATION, DISTRIBUTION, ETC. (IMPRINT)
Place of publication [Washington, D.C.] :
Name of publisher International Monetary Fund,
Year of publication c2012.
300 ## - PHYSICAL DESCRIPTION
Number of Pages 1 online resource (49 p.)
490 1# - SERIES STATEMENT
Series statement IMF working paper ;
500 ## - GENERAL NOTE
General note Title from PDF title page (IMF Web site, viewed Oct. 31, 2012).
General note "Fiscal Affairs and Finance Department."
General note "October 2012."
650 #0 - SUBJECT ADDED ENTRY--TOPICAL TERM
Topical Term Corporations
Topical Term Globalization.
700 1# - ADDED ENTRY--PERSONAL NAME
Personal name Quinn, Dennis P.
856 40 - ELECTRONIC LOCATION AND ACCESS
Uniform Resource Identifier http://site.ebrary.com/lib/rucke/Doc?id=10661932

No items available.

© 2026 Rongo University
Contact us: librarian | system librarian | Rongo university